000 00926nam a2200241 a 4500
001 53571
003 BD-RjUL
005 20211209080003.0
008 161018s1957 ii ||||| |||| 00| 0 ben d
020 _c: IRs 11.00
035 _a(BD-RjUL)53693
040 _aBD-RjUL
_bben
_cBD-RjUL
041 _aben
082 _223
_a891.4409
_bGHB 1957
100 _aঘোষ, ভোলানাথ
_9160098
245 1 0 _aবাঙলা সাহিত্য পরিক্রমা /
_cভোলানাথ ঘোষ
250 _aপরি. সং.
260 _aকলিকাতা :
_bবামা পুস্তকালয়,
_c১৯৫৭ [১৩৬৪]
300 _a৪৮০ পৃ. ;
_c১৯ সেমি.
650 _aবাংলা সাহিত্য
_xইতিহাস ও সমালোচনা
_9160099
650 _aBengali LIterature
_xHistory & Criticism
_9160100
942 _2ddc
_cBK
999 _c53571
_d53571